UBT Library

A history of American economic life, (Record no. 40413)

000 -LEADER
fixed length control field 00590cam a22002291 4500
001 - CONTROL NUMBER
control field 7817987
005 - DATE AND TIME OF LATEST TRANSACTION
control field 20180117040024.0
008 - FIXED-LENGTH DATA ELEMENTS--GENERAL INFORMATION
fixed length control field 730529s1932 nyub b 000 0 eng
010 ## - LIBRARY OF CONGRESS CONTROL NUMBER
LC control number 32026691
035 ## - SYSTEM CONTROL NUMBER
System control number (OCoLC)631602
040 ## - CATALOGING SOURCE
Original cataloging agency DLC
Transcribing agency OKentU
Modifying agency NcRS
-- DLC
041 ## - LANGUAGE CODE
Language code of text/sound track or separate title eng
042 ## - AUTHENTICATION CODE
Authentication code premarc
080 ## - UNIVERSAL DECIMAL CLASSIFICATION NUMBER
Universal Decimal Classification number 330.973
082 ## - DEWEY DECIMAL CLASSIFICATION NUMBER
Classification number 330.973 KIR
100 1# - Rafti
Rafti 52
101 ## - Shkurtesa
Shkurtesa EKO
245 12 - TITLE STATEMENT
Title A history of American economic life,
Statement of responsibility, etc by Edward C. Kirkland.
504 ## - BIBLIOGRAPHY, ETC. NOTE
Bibliography, etc Bibliography: p. 713-755.
906 ## - LOCAL DATA ELEMENT F, LDF (RLIN)
a 7
b cbc
c oclcrpl
d u
e ncip
f 19
g y-gencatlg
942 ## - ADDED ENTRY ELEMENTS (KOHA)
Source of classification or shelving scheme
Item type Books
Holdings
Withdrawn status Lost status Source of classification or shelving scheme Damaged status Not for loan Collection code Permanent location Current location Shelving location Date acquired Total Checkouts Full call number Barcode Date last seen Price effective from Koha item type
          Koleksioni i përgjithshem UBT - Lipjan UBT - Lipjan Koleksioni i përgjithshem 01/17/2018   330.973 KIR 002-2995669 01/17/2018 01/17/2018 Books
UBT Library © 2015-2024. All rights reserved University Education for Business and Technology